Представление документа в формате RUSMARC

ПолеНазваниеЗначение
  Тип записи a
  Библиографический уровень m
001 Контрольный номер SKBR/59f5a27c-4243-4733-b9d1-4ea4c8eb8c3e
005 Дата корректировки 20211221142055.3
010 Индекс ISBN __
a ISBN 978-5-406-02477-5
b Уточнения в пер.
d Цена 783-00; 1173-83
035 Другие системные номера __
a Идентификатор записи RU/ГПНТБ России/SKBR/002.2(075.8)/Р 833-256562864
100 Данные общей обработки __
a Данные общей обработки 20201022d2021####aemy0rusy028902 ca
101 Язык документа 0_
a Язык текста rus
102 Страна публикации __
a Страна публикации RU
105 Кодированные данные (монография) __
a Кодированные данные (монография) a j 000yy
181 Поле кодированных данных: вид содержания _0
a Код вида содержания (ISBD) i
182 Поле кодированных данных: тип средства _0
a Код типа средства (ISBD) n
200 Заглавие и сведения об ответственности 1_
a Заглавие История книжной культуры
e Сведения, относящиеся к заглавию учебник для групп направлений бакалавриата "Социология и социальная работа", "Средства массовой информации и информационно-библиотечное дело", "Культуроведение и социокультурные проекты"
f Первые сведения об ответственности В. Н. Руднев
203 Вид содержания и тип средства __
c Тип средства непосредственный
a Вид содержания Текст
205 Сведения об издании __
a Основные сведения об издании 2-е издание, переработанное
210 Выходные данные 1_
a Место издания Москва
c Издательство КноРус
d Дата издания 2021
215 Физическое описание __
a Объем 224 с.
c Иллюстрации/тип воспроизводства табл.
d Формат 22 см
225 Серия 2_
a Серия Бакалавриат
320 Библиография __
a Библиография Библиография в подстрочных примечаниях
320 Библиография __
a Библиография Библиография: с. [206]-224
330 Аннотация __
a Аннотация В настоящем издании автор знакомит читателей с книжной культурой как моделью культуры, воссоздает образ человека читающего в книжных культурах Древнего мира, Средневековья, Нового времени, в Древней Руси, в России XVIII-XX вв., анализирует читательский опыт и читательский портрет, обсуждает экологию чтения. Учитывая многообразие точек зрения на книгу и книжную культуру, автор стремится дать слово представителям различных сторон. Книга написана в доступной научно-публицистической форме. Соответствует ФГОС ВО последнего поколения. Для студентов-культурологов, социологов, издателей, специалистов в библиотечно-информационной сфере, а также широкого круга читателей.
606 Тематические рубрики __
a Основная рубрика Книжное дело
606 Тематические рубрики __
a Основная рубрика История книги
y Географическая подрубрика Древняя Русь
y Географическая подрубрика Россия
610 Ключевые слова 1_
a Ключевые слова древний мир
610 Ключевые слова 1_
a Ключевые слова средневековье
610 Ключевые слова 1_
a Ключевые слова новое время
610 Ключевые слова 1_
a Ключевые слова читательские пректы
610 Ключевые слова 1_
a Ключевые слова экология чтения
610 Ключевые слова 0_
a Ключевые слова средние века
610 Ключевые слова 0_
a Ключевые слова книжная культура
610 Ключевые слова 0_
a Ключевые слова история книжной культуры
610 Ключевые слова 0_
a Ключевые слова модели культуры
610 Ключевые слова 0_
a Ключевые слова читательский опыт
610 Ключевые слова 0_
a Ключевые слова экология
610 Ключевые слова 0_
a Ключевые слова чтение
610 Ключевые слова 0_
a Ключевые слова книги
610 Ключевые слова 0_
a Ключевые слова культурология
610 Ключевые слова 0_
a Ключевые слова история литературы
610 Ключевые слова 0_
a Ключевые слова философия
686 Индексы других классификаций __
2 Код системы rubbks
a Классификационный индекс 76.103(0)я73; ст76.103(0)я73
700 Автор _1
a Фамилия Руднев
b Имя В. Н.
4 Код отношения 070
f Даты 1975-
g Полное личное имя Владимир Николаевич
801 Источник записи _2
b Организация ГПНТБ России
a Страна RU
c Дата составления 20201022
g Правила каталогизации PSBO
801 Источник записи _1
b Организация ГПНТБ России
a Страна RU
c Дата составления 20210121
g Правила каталогизации PSBO
852 Данные о местонахождении __
i Авторский знак Р 83
j Шифр хранения 76.103(0)я73
900 Макрообъекты __
a Макрообъекты История книжной культуры, 2021
901 Тип документа __
a Ответственный КиК/Лукашук
t Тип документа m
903 Характеристики (МАРС) __
a Дата передачи 20210421
c Наименование библиотеки (МАРС) Муниципальное бюджетное учреждение культуры "Централизованная библиотечная система" г. Сургут (Центральная городская библиотека им. А. С. Пушкина)
969 Тип издания __
a Тип издания учебник
990 Данные о заказе (DOS) __
j Количество экземпляров (DOS) 4
t N записи в КСУ для И/У (DOS) 202105